Statistics for Country Word Search #15

Click here to take the quiz!

General Stats

  • This quiz has been taken 3,532 times
    (3,245 since last reset)
  • The average score is 12 of 14

Answers on the Map

Answers color-coded by a green-red scale on the quiz's map according to % correct below.
 

Answer Stats

Country% Correct
India
100%
Chad
98%
Nepal
97%
Iraq
92%
Sudan
90%
Kenya
88%
Mali
88%
Laos
87%
Nauru
87%
Italy
84%
Peru
74%
Cuba
73%
Iran
73%
Libya
63%

Score Distribution

Percentile by Number Answered

Percent of People with Each Score

Your Score History

You have not taken this quiz since the last reset